Preparing for call center interviews / (Record no. 30748)

MARC details
000 -LEADER
fixed length control field 00980nam a22002417a 4500
005 - DATE AND TIME OF LATEST TRANSACTION
control field 20091003103452.0
008 - FIXED-LENGTH DATA ELEMENTS--GENERAL INFORMATION
fixed length control field 080528t xxu||||| |||| 00| 0 eng d
010 ## - LCCN (DPL NO)
LC control number B-359165
020 ## - INTERNATIONAL STANDARD BOOK NUMBER
International Standard Book Number 8183821065
Terms of availability 95.00
020 ## - INTERNATIONAL STANDARD BOOK NUMBER
International Standard Book Number 9788183821063
Terms of availability 95.00
035 ## - SYSTEM CONTROL NUMBER
System control number B-359165
037 ## - SOURCE OF ACQUISITION
Source of stock number/acquisition Pansy Books
040 ## - CATALOGING SOURCE
Original cataloging agency dpl
Language of cataloging English
082 ## - DEWEY DECIMAL CLASSIFICATION NUMBER
Classification number 650.144
100 ## - MAIN ENTRY--PERSONAL NAME
Personal name Palta, Namrata
245 ## - TITLE STATEMENT
Title Preparing for call center interviews /
Statement of responsibility, etc by Namrata Palta
260 ## - PUBLICATION, DISTRIBUTION, ETC. (IMPRINT)
Place of publication, distribution, etc New Delhi
Name of publisher, distributor, etc Lotus Press
Date of publication, distribution, etc 2009(repr)
270 ## - ADDRESS
Address 4263/3, Ansari Road,Daryaganj
City New Delhi
Postal code 110002
300 ## - PHYSICAL DESCRIPTION
Extent 170p.
Dimensions 22cm(pbk)
942 ## - ADDED ENTRY ELEMENTS (KOHA)
Source of classification or shelving scheme Dewey Decimal Classification
Item type English Books
Classification part 650.144
Call number suffix PAL
Holdings
Withdrawn status Lost status Source of classification or shelving scheme Damaged status Not for loan Collection code Home library Current library Date acquired Source of acquisition Cost, normal purchase price Total Checkouts Full call number Barcode Date last seen Copy number Cost, replacement price Koha item type
  Written-off vide DLB M. No. 383 dt 16.05.19 Dewey Decimal Classification     Non-fiction Janak Puri Janak Puri 03/10/2009 Pansy Books/942/29.9.09/92/4.9.09/29.9.09 95.00 45 650.144 PAL B-359165 28/06/2018 1 95.00 English Books

© Delhi Public Library
Hit Counter
free hit counter